Foxy Brown Discography - Statistics

General Stats
  • This quiz has been taken 4 times
    3 since last reset
  • The average score is 4 of 6
Answer Stats
Year Name Type % Correct
1996 Ill Na Na Album
100%
2001 Broken Silence Album
67%
2008 Brooklyn's Don Diva Mixtape
67%
1999 Chyna Doll Album
67%
TBA King Soon Come Album
33%
1997 The Firm: The Album Collaborative Album
33%
No matching quizzes found
Score Distribution
Percent of People with Each Score
Percentile by Number Answered
Your Score History
You have not taken this quiz since the last reset